Κατάλογος Βιβλιοθηκών Mediterranean College

Η Ελληνική Βιομηχανία στη Διεθνή Αγορά / Κρατική Προστασία και Ανταγωνιστική Θέση της Εγχώριας Παραγωγής πριν και μετά την Ένταξη στην Ευρωπαϊκή Κοινότητα (Record no. 4318)

MARC details
000 -LEADER
fixed length control field 01755cam a22001934a 4500
005 - ΗΜΕΡΟΜΗΝΙΑ ΚΑΙ ΩΡΑ ΤΕΛΕΥΤΑΙΑΣ ΕΝΗΜΕΡΩΣΗΣ
Πεδίο ελέγχου 20250605164143.0
008 - FIXED-LENGTH DATA ELEMENTS--GENERAL INFORMATION
Πεδίο ελέγχου σταθερού μήκους 250528s ||||||||||||||||||||||||d
035 ## - SYSTEM CONTROL NUMBER
System control number 19033
020 ## - ISBN
ISBN 9607293045
040 ## - ΠΗΓΗ ΚΑΤΑΛΟΓΟΓΡΑΦΗΣΗΣ
Φορέας πρωτότυπης καταλογογράφησης MC Athens Campus Library
Γλώσσα καταλογογράφησης Ελληνικά, Μοντέρνα (1453-)
Modifying agency MC Athens Campus Library
Κανόνες περιγραφικής καταλογογράφησης AACR2
245 1# - ΤΙΤΛΟΣ ΚΑΙ ΔΗΛΩΣΗ ΥΠΕΥΘΥΝΟΤΗΤΑΣ
Τίτλος Η Ελληνική Βιομηχανία στη Διεθνή Αγορά / Κρατική Προστασία και Ανταγωνιστική Θέση της Εγχώριας Παραγωγής πριν και μετά την Ένταξη στην Ευρωπαϊκή Κοινότητα
260 ## - PUBLICATION, DISTRIBUTION, ETC.
Name of publisher, distributor, etc. Θεμέλιο,
Date of publication, distribution, etc. 1989
300 ## - PHYSICAL DESCRIPTION
Extent 544
520 ## - SUMMARY, ETC.
Summary, etc. Πρόλογος, Εισαγωγή, Το Πλέγμα Προστασίας της Ελληνικής Βιομηχανίας, Δασμολογική Προστασία, Μη Δασμολογική Προστασία, Συνολική Προστασία, Αποτελεσματική Προστασία, Πολιτική Προστασίας Εγχώριας Παραγωγής: Θεωρητικές Προσεγγίσεις και η Ελληνική Πραγματικότητα, Η Ανταγωνιστικότητα των Ελληνικών Προϊόντων στο Εξωτερικό, Εξαγωγική Επίδοση της Ελληνικής Παραγωγής, Υποκατάσταση και Διείσδυση Εισαγωγών, Η Ανταγωνιστικότητα των Ελληνικών Προϊόντων στο Εσωτερικό, Η Σταδιακή και Ατελής Ενσωμάτωση στη Διαδικασία της Ευρωπαϊκής Ολοκλήρωσης, Γενικό Ευρετήριο.
700 1# - ΠΡΟΣΘΕΤΗ ΑΝΑΓΡΑΦΗ--ΦΥΣΙΚΟ ΠΡΟΣΩΠΟ
Personal name Μήτσος Αχιλλέας
9 (RLIN) 5307
942 ## - ADDED ENTRY ELEMENTS (KOHA)
Koha item type Books
Holdings
Τύπος τεκμηρίου Βιβλιοθήκη Τρέχουσα τοποθεσία Barcode Αριθμός εισαγωγής Ημερομηνία απόκτησης Ταξιθετικό σύμβολο Αριθμός αντιτύπου Κατάσταση απόσυρσης Κατάσταση χαμένου Κατάσταση κατεστραμμένου Μη δανεισμός Σύνολο δανεισμών Ημερομηνία τελευταίας εμφάνισης Η τιμή ισχύει από
Books MC Athens Campus Library MC Athens Campus Library 9780000043177 3970 05/06/2025 338.409 495 MIT 1           05/06/2025 05/06/2025

MC Athens Campus Library
Πατησίων 94 & Κοδριγκτώνος 13, 104 34
Πελλήνης 8 & Πατησίων 107, 112 51
Τ: +30 210 8899600

MC Thessaloniki Campus Library
Ίωνος Δραγούμη 21, 54625 | Ίωνος Δραγούμη 15, 54625
Τ: +30 2310 287779 – Τ: +30 2314 440300